| 000 | 00616nam a2200229Ia 4500 | ||
|---|---|---|---|
| 001 | 9244 | ||
| 005 | 20240113234156.0 | ||
| 007 | ta | ||
| 008 | 050723s a g b000 u eng u | ||
| 040 | _aCotton College Assam | ||
| 041 | _aeng | ||
| 082 |
_a824.76 _bH 339 ES |
||
| 100 | _aCarr, Frank . | ||
| 245 | 0 |
_aEssays of William Hazlitt / _cFrank Carr. _hTextual Documents |
|
| 250 | _a1st ed. / | ||
| 260 |
_aLondon : _bWalter Scott Publishing , _cnd. |
||
| 300 |
_axix, 322p. : _bill. ; _c16cm . |
||
| 653 | _aEnglish-Essays-Collections | ||
| 942 |
_2ddc _cBK |
||
| 999 |
_c9231 _d9231 |
||